STANDARD methods of chemical analysis, by Frank J. Welcher.
Guardado en:
| Formato: | Libro |
|---|---|
| Idioma: | English |
| Publicado: |
New York :
D.Van Nostrand,
1963.
|
| Edición: | 6. ed. |
| Etiquetas: |
Agregar Etiqueta
Sin Etiquetas, Sea el primero en etiquetar este registro!
|
| LEADER | 00443nam a22001455a 4500 | ||
|---|---|---|---|
| 001 | EUN.um032201 | ||
| 003 | AR-BaUNS | ||
| 005 | 20050623122906.0 | ||
| 008 | 041125s1963####xxua##########000#0#eng#d | ||
| 245 | 0 | 0 | |a STANDARD methods of chemical analysis, by Frank J. Welcher. |
| 260 | |a New York : |b D.Van Nostrand, |c 1963. | ||
| 300 | |a 3 v. : |b ilus. ; |c 23 cm. | ||
| 082 | 0 | 4 | |a 543 |
| 250 | |a 6. ed. | ||
| 859 | |a Ar-BaUNS |b BIB. CENTRAL - Sector C |h 543 |i St24a6 |p 643/965 |v v.2-A | ||
